Movies Quiz

Random Movies or Oscar Quiz

Three Best Pictures Quiz Stats

 Plays Quiz Updated Jun 3, 2016

Challenge
Share
Tweet
Embed
Score 0/27 Timer 06:00
1 Play Today
movie % Correct
Clark GableGone with the Wind (1939)
86%
Colin FirthThe King's Speech (2010)
82.6%
Meryl StreepKramer vs. Kramer (1979)
80.2%
Dustin HoffmanKramer vs. Kramer (1979)
79.6%
Dustin HoffmanRain Man (1988)
78.9%
Diane KeatonAnnie Hall (1977)
77.1%
Jack NicholsonOne Flew Over the Cuckoo's Nest (1975)
72.7%
Ralph FiennesThe English Patient (1996)
67.5%
Colin FirthThe English Patient (1996)
67.5%
Morgan FreemanDriving Miss Daisy (1989)
64.1%
Shirley MacLaineTerms of Endearment (1983)
62.7%
Jack NicholsonTerms of Endearment (1983)
62.7%
Diane KeatonThe Godfather (1972)
61.7%
Ralph FiennesSchindler's List (1993)
56.6%
movie % Correct
Diane KeatonThe Godfather Part II (1974)
55.2%
Meryl StreepOut of Africa (1985)
49.3%
Meryl StreepThe Deer Hunter (1978)
47.9%
Dustin HoffmanMidnight Cowboy (1969)
47.7%
Jack NicholsonThe Departed (2006)
47.5%
Clark GableIt Happened One Night (1934)
46.9%
Morgan FreemanMillion Dollar Baby (2004)
46.4%
Colin FirthShakespeare in Love (1998)
40.8%
Morgan FreemanUnforgiven (1992)
40.3%
Shirley MacLaineThe Apartment (1960)
40.1%
Clark GableMutiny on the Bounty (1935)
24.7%
Ralph FiennesThe Hurt Locker (2009)
20.1%
Shirley MacLaineAround the World in 80 Days (1956)
14.1%

You're not logged in!

Compare scores with friends on all Sporcle quizzes.
Join for Free
OR
Log In

You Might Also Like...

Show Comments

Extras

Top Quizzes Today


Score Distribution

Your Account Isn't Verified!

In order to create a playlist on Sporcle, you need to verify the email address you used during registration. Go to your Sporcle Settings to finish the process.

Report this User

Report this user for behavior that violates our Community Guidelines.

Details: